UBT Library

Influencing powerful people : (Record no. 1228)

000 -LEADER
fixed length control field 00581nam a22001937a 4500
008 - FIXED-LENGTH DATA ELEMENTS--GENERAL INFORMATION
fixed length control field 151006b xxu||||| |||| 00| 0 eng d
020 ## - INTERNATIONAL STANDARD BOOK NUMBER
International Standard Book Number 9780071752862
020 ## - INTERNATIONAL STANDARD BOOK NUMBER
International Standard Book Number 0071752862
041 0# - LANGUAGE CODE
Language code of text/sound track or separate title eng
082 ## - DEWEY DECIMAL CLASSIFICATION NUMBER
Classification number 316.46
100 1# - Rafti
Rafti Schlimm, Dirk.
245 10 - TITLE STATEMENT
Title Influencing powerful people :
Statement of responsibility, etc Dirk Schlimm.
260 ## -
-- New York :
-- McGraw-Hill,
-- 2011.
300 ## -
-- xxii, 248 f. ;
-- 24 cm.
650 #0 -
-- Udhëheqje
650 #0 -
-- Lidership
650 #0 -
-- Psikologji
942 ## - ADDED ENTRY ELEMENTS (KOHA)
Source of classification or shelving scheme
Item type Books
Holdings
Withdrawn status Lost status Source of classification or shelving scheme Damaged status Not for loan Collection code Permanent location Current location Shelving location Date acquired Total Checkouts Full call number Barcode Date last seen Koha item type Price effective from
          Koleksioni i përgjithshem UBT - Lipjan UBT - Lipjan Koleksioni i përgjithshem 10/07/2015   316.46 BUR 002-008584 10/07/2015 Books  
          Koleksioni i përgjithshem UBT - Lipjan UBT - Lipjan Koleksioni i përgjithshem 10/07/2015   316.46 BUR 002-008578 10/07/2015 Books  
          Koleksioni i përgjithshem UBT - Lipjan UBT - Lipjan Koleksioni i përgjithshem 10/07/2015   316.46 BUR 002-008577 10/07/2015 Books  
          Koleksioni i përgjithshem UBT - Lipjan UBT - Lipjan Koleksioni i përgjithshem 10/07/2015   316.46 BUR 002-008576 10/07/2015 Books  
          Koleksioni i përgjithshem UBT - Lipjan UBT - Lipjan Koleksioni i përgjithshem 12/08/2015   316.46 BUR 002-008693 12/08/2015 Books 12/08/2015
          Koleksioni i përgjithshem UBT - Lipjan UBT - Lipjan Koleksioni i përgjithshem 02/18/2016   316.46 002-010837 02/18/2016 Books 02/18/2016
          Koleksioni i përgjithshem UBT - Lipjan UBT - Lipjan Koleksioni i përgjithshem 11/08/2017   330.322 DIR 002-2937749 11/08/2017 Books 11/08/2017
          Koleksioni i përgjithshem UBT - Lipjan UBT - Lipjan Koleksioni i përgjithshem 11/08/2017   330.322 DIR 002-2937744 11/08/2017 Books 11/08/2017
          Koleksioni i përgjithshem UBT - Lipjan UBT - Lipjan Koleksioni i përgjithshem 11/08/2017   330.322 DIR 002-2937739 11/08/2017 Books 11/08/2017
          Koleksioni i përgjithshem UBT - Lipjan UBT - Lipjan Koleksioni i përgjithshem 11/08/2017   330.322 DIR 002-2937734 11/08/2017 Books 11/08/2017
          Koleksioni i përgjithshem UBT - Lipjan UBT - Lipjan Koleksioni i përgjithshem 11/08/2017   330.322 DIR 002-2937729 11/08/2017 Books 11/08/2017
          Koleksioni i përgjithshem UBT - Lipjan UBT - Lipjan Koleksioni i përgjithshem 11/08/2017   330.322 DIR 002-2937724 11/08/2017 Books 11/08/2017
          Koleksioni i përgjithshem UBT - Lipjan UBT - Lipjan Koleksioni i përgjithshem 11/08/2017   330.322 DIR 002-2937719 11/08/2017 Books 11/08/2017
          Koleksioni i përgjithshem UBT - Lipjan UBT - Lipjan Koleksioni i përgjithshem 11/08/2017   330.322 DIR 002-2937714 11/08/2017 Books 11/08/2017
          Koleksioni i përgjithshem UBT - Lipjan UBT - Lipjan Koleksioni i përgjithshem 11/08/2017   330.322 DIR 002-2937709 11/08/2017 Books 11/08/2017
          Koleksioni i përgjithshem UBT - Lipjan UBT - Lipjan Koleksioni i përgjithshem 11/08/2017   330.322 DIR 002-2937704 11/08/2017 Books 11/08/2017
UBT Library © 2015-2024. All rights reserved University Education for Business and Technology